Šifrované prepojenie počítačových sietí

Enregistré dans:
Détails bibliographiques
Auteur principal: Gecelovský, Marek (Auteur)
Autres auteurs: Török, Timotej (Directeur de thèse)
Format: Manuscrit Livre
Langue:slovaque
Publié: Bratislava : STU v Bratislave FIIT, 2007
Sujets:
Tags: Ajouter un tag
Pas de tags, Soyez le premier à ajouter un tag!

MARC

LEADER 00000ntm a22000003a 4500
001 stu142304
005 20180212145739.2
008 070612s2007----xo------------------slo-d
040 |a STU  |b slo 
041 0 |a slo 
044 |a xo 
100 1 |a Gecelovský, Marek  |4 aut 
245 1 |a Šifrované prepojenie počítačových sietí 
260 |a Bratislava :  |b STU v Bratislave FIIT,  |c 2007 
300 |a 78 s  |c príl. 
650 7 |a počítačové systémy a siete  |2 stusub 
700 1 |a Török, Timotej  |4 ths 
996 |c I*DP10/07  |l II680  |s P  |a 0  |w stu142304_0001